Πάτα για να φτιάξεις τη σημαία #2 - Statistics

General Stats
  • This quiz has been taken 14 times
  • The average score is 13 of 25
Answer Stats
Hint Extra Hint Explanation Answer % Correct
Κάντε κλικ στη σωστή σημαία Ισπανία
100%
Κάντε κλικ στη σωστή σημαία Ισραήλ
100%
Κάντε κλικ στη σωστή σημαία Βραζιλία
100%
Κάντε κλικ στη σωστή σημαία Ουρουγουάη
91%
Κάντε κλικ στη σωστή σημαία Ινδία
73%
Κάντε κλικ στη σωστή σημαία Κροατία
73%
Κάντε κλικ στη σωστή σημαία Εσουατίνι
55%
Κάντε κλικ στη σωστή σημαία Βατικανό
55%
Κάντε κλικ στη σωστή σημαία Τατζικιστάν
45%
Κάντε κλικ στη σωστή σημαία Μπαρμπάντος
45%
Κάντε κλικ στη σωστή σημαία Μογγολία
45%
Κάντε κλικ στη σωστή σημαία Νικαράγουα
45%
Κάντε κλικ στη σωστή σημαία Ιράκ
45%
Κάντε κλικ στη σωστή σημαία Βόρεια Κορέα
45%
Κάντε κλικ στη σωστή σημαία Ζιμπάμπουε
45%
Κάντε κλικ στη σωστή σημαία Ναμίμπια
36%
Κάντε κλικ στη σωστή σημαία Ζάμπια
36%
Κάντε κλικ στη σωστή σημαία Κένυα
36%
Κάντε κλικ στη σωστή σημαία Σλοβενία
36%
Κάντε κλικ στη σωστή σημαία Καμπότζη
36%
Κάντε κλικ στη σωστή σημαία Μοζαμβίκη
36%
Κάντε κλικ στη σωστή σημαία Μπρουνέι
36%
Κάντε κλικ στη σωστή σημαία Ισημερινή Γουινέα
36%
Κάντε κλικ στη σωστή σημαία Αϊτή
27%
Κάντε κλικ στη σωστή σημαία Μπελίζ
27%
No matching quizzes found
Score Distribution
Percent of People with Each Score
Percentile by Number Answered
Your Score History
You have not taken this quiz